[Event "POL-chT Academic"]
[Site "Chorzow"]
[Date "2022.04.02"]
[Round "1.5"]
[White "Molenda, Marcin"]
[Black "Gucwa, Piotr"]
[Result "1-0"]
[WhiteElo "2207"]
[BlackElo "1000"]
[PlyCount "47"]
[EventDate "2022.04.02"]
[EventType "team-swiss (rapid)"]
[EventRounds "9"]
[EventCountry "POL"]
[SourceTitle "EXT 2024"]
[Source "ChessBase"]
[SourceDate "2023.10.10"]
[SourceVersion "1"]
[SourceVersionDate "2023.10.10"]
[SourceQuality "1"]

1. d4 Nf6 2. c4 e6 3. Nf3 h6 4. g3 b6 5. Bg2 Bb7 6. 0-0 d5 7. cxd5 Bxd5 8. Nc3 Nbd7 9. Nxd5 exd5 10. Ne5 Bd6 11. Qa4 a6 12. Qc6 Rb8 13. Bh3 Ke7 14. Nxd7 Nxd7 15. Qxd5 Nf6 16. Qf3 Re8 17. e4 Nh7 18. e5 Bb4 19. a3 Ba5 20. b4 Qxd4 21. Be3 Qxe5 22. Rfe1 Qxa1 23. Bc5+ Kd8 24. Qd5# 1-0